00550nam a22002057a 4500003000400000008004100004020001800045082001600063100002100079245006100100260002200161300001700183365001600200650002500216650002200241650002500263650001400288700001900302700002300321OSt260630b |||||||| |||| 00| 0 eng d a9788193569597 a641.3bV69P aD, Vijayalakshmi aPrinciples of Food Science & NutritioncD, Vijayalakshmi aDelhibIBPSc2019 axiii., 184p. e850.00, INR aFood $x Composition. aFood $x Analysis. aFood $x Composition. aNutrition aRavindra, Usha aS., Shamshad Begum